Quizzes
Events
Quiz Creation
Community
Videos
Private Events
Remove Ads
Sign In
Join for FREE
Feedback
Dark Mode
Quiz Categories
Sports
Geography
Music
Movies
Television
Just For Fun
Miscellaneous
History
Literature
Language
Science
Gaming
Entertainment
Religion
Holiday
For Kids
Quiz Lab
Recent
Popular Today
Quiz Kudos Today
Editor Picks
Curator Picks
Quizzes by...
Day
Popularity
Type
Ratings
Length
Year
Community
Subscriptions
Recent Discussions
Orange Saloon
Badges
Playlists
Quests
Create
Leaderboards
Showdown
Live 5
Trivia Bingo
Activity
Puzzle Library
Sporcle Events
Private Events
Virtual Trivia
Globe League
Become a Host
Pub Owners
SporcleCon
Opinionation
Our Games
Videos
Blog
Mobile Apps
Partnerships
Remove Ads and Go Orange
Feedback
Sports
Athletes
MLB
NBA
NHL
NFL
Soccer
Sports Teams
WWE
NCAA
Football
Premier League
Basketball
Baseball
Hockey
Golf
Tennis
Cricket
Rugby
Auto Racing
Olympics
World Cup
Sports
Athletes
MLB
NBA
NHL
NFL
Soccer
Sports Teams
WWE
NCAA
Football
Premier League
Basketball
Baseball
Hockey
Golf
Tennis
Cricket
Rugby
Auto Racing
Olympics
World Cup
Random Quiz
Search Sporcle
×
Quiz Lab
Quiz Lab
Sports
WWE
Type in answers that appear in a list
Type in answers that appear in a list
Classic
Best Score? Go Orange.
History of WWE PPV Part 22 Stats
Wrestlemania 25 through TLC 2009
By
dd0112
20m
289 Questions
460 Plays
460 Plays
460 Plays
Comments
Comments
Give Quiz Kudos
Give Quiz Kudos
-
- Ratings
hide this ad
Replay
Link that replays current quiz
Next Quiz
Link to next quiz in quiz playlist
You Got
0%
They Got
Avg Score
86%
Avg Friend Score
Upgrade to see
Score Distribution
Jump to the score distribution portion of the page
Score
0/289
Timer
20:00
0
Plays Today
Type of Match
Wrestler
% Correct
WWE Championship
Randy Orton
95.4%
WWE Title Six-
man Tag
Randy Orton
95.4%
WWE Championship
Randy Orton
95.4%
WWE Title Steel Cage Match
Randy Orton
95.4%
WWE Title Three Stages of Hell Match
Randy Orton
95.4%
WWE Title No Disqualification Match
Randy Orton
95.4%
WWE Championship
Randy Orton
95.4%
WWE Title I Quit Match
Randy Orton
95.4%
WWE Title Hell in a Cell Match
Randy Orton
95.4%
WWE Title Ironman Match
Randy Orton
95.4%
Survivor Series Elimination Match
Randy Orton
95.4%
Singles Match
Randy Orton
95.4%
WWE Championship
Triple H
95.2%
WWE Title Six-
man Tag
Triple H
95.2%
WWE Title Three Stages of Hell Match
Triple H
95.2%
WWE Title No Disqualification Match
Triple H
95.2%
Tag Team Match
Triple H
95.2%
Tag Team Submission Match
Triple H
95.2%
Tag Team Hell in a Cell Match
Triple H
95.2%
Interbrand Match for Bragging Rights Cup
Triple H
95.2%
WWE Championship
Triple H
95.2%
WWE Tag Title TLC Match
Triple H
95.2%
World Heavyweight Championship
John Cena
94.6%
World Title Last Man Standing Match
John Cena
94.6%
Singles Match
John Cena
94.6%
Submission Match
John Cena
94.6%
Singles Match
John Cena
94.6%
WWE Title No Disqualification Match
John Cena
94.6%
WWE Championship
John Cena
94.6%
WWE Title I Quit Match
John Cena
94.6%
WWE Title Hell in a Cell Match
John Cena
94.6%
WWE Title Ironman Match
John Cena
94.6%
WWE Championship
John Cena
94.6%
WWE Title Tables Match
John Cena
94.6%
World Heavyweight Championship
Edge
94.3%
World Title Last Man Standing Match
Edge
94.3%
World Heavyweight Championship
Edge
94.3%
World Title Ladder Match
Edge
94.3%
WWE Tag Team Championship
Edge
94.3%
World Heavyweight Championship
Big Show
94.1%
Singles Match
Big Show
94.1%
Submission Match
Big Show
94.1%
WWE Tag Team Championship
Big Show
94.1%
WWE Tag Team Championship
Big Show
94.1%
WWE Tag Team Championship
Big Show
94.1%
WWE Tag Team Championship
Big Show
94.1%
Interbrand Match for Bragging Rights Cup
Big Show
94.1%
World Title No Disqualification Match
Big Show
94.1%
WWE Tag Title TLC Match
Big Show
94.1%
Money in the Bank Ladder Match
CM Punk
93.9%
Singles Match
CM Punk
93.9%
Singles Match
CM Punk
93.9%
Strap Match
CM Punk
93.9%
World Title Money in the Bank Cash-
In
CM Punk
93.9%
World Heavyweight Championship
CM Punk
93.9%
World Heavyweight Championship
CM Punk
93.9%
World Title TLC Match
CM Punk
93.9%
World Title Submission Match
CM Punk
93.9%
World Title Hell in a Cell Match
CM Punk
93.9%
World Heavyweight Championship
CM Punk
93.9%
Survivor Series Elimination Match
CM Punk
93.9%
Extreme Rules Match
Matt Hardy
93.7%
Extreme Rules Match
Jeff Hardy
93.7%
Singles Match
Shawn Michaels
93.7%
I Quit Match
Jeff Hardy
93.7%
I Quit Match
Matt Hardy
93.7%
World Heavyweight Championship
Jeff Hardy
93.7%
United States Championship
Matt Hardy
93.7%
World Title Ladder Match
Jeff Hardy
93.7%
World Title Money in the Bank Cash-
In
Jeff Hardy
93.7%
World Heavyweight Championship
Jeff Hardy
93.7%
World Heavyweight Championship
Jeff Hardy
93.7%
Tag Team Match
Shawn Michaels
93.7%
World Title TLC Match
Jeff Hardy
93.7%
Tag Team Submission Match
Shawn Michaels
93.7%
Tag Team Hell in a Cell Match
Shawn Michaels
93.7%
Interbrand Match for Bragging Rights Cup
Matt Hardy
93.7%
Interbrand Match for Bragging Rights Cup
Shawn Michaels
93.7%
Survivor Series Elimination Match
Matt Hardy
93.7%
WWE Championship
Shawn Michaels
93.7%
WWE Tag Title TLC Match
Shawn Michaels
93.7%
Money in the Bank Ladder Match
Kane
93.3%
Singles Match
Kane
93.3%
Singles Match
Kane
93.3%
Singapore Cane Match
Kane
93.3%
Interbrand Match for Bragging Rights Cup
Kane
93.3%
Singles Match
Undertaker
93%
World Title Submission Match
Undertaker
93%
World Title Hell in a Cell Match
Undertaker
93%
World Heavyweight Championship
Undertaker
93%
World Title No Disqualification Match
Undertaker
93%
World Title Chairs Match
Undertaker
93%
Handicap Elimination Match
Chris Jericho
92.2%
Singles Match
Chris Jericho
92.2%
Intercontinental Championship
Chris Jericho
92.2%
I-
C Title No Holds Barred Match
Chris Jericho
92.2%
I-
C Title vs. Mask
Chris Jericho
92.2%
Type of Match
Wrestler
% Correct
WWE Tag Team Championship
Chris Jericho
92.2%
WWE Tag Team Championship
Chris Jericho
92.2%
WWE Tag Team Championship
Chris Jericho
92.2%
WWE Tag Team Championship
Chris Jericho
92.2%
WWE Tag Team Championship
Chris Jericho
92.2%
Interbrand Match for Bragging Rights Cup
Chris Jericho
92.2%
World Title No Disqualification Match
Chris Jericho
92.2%
WWE Tag Title TLC Match
Chris Jericho
92.2%
Money in the Bank Ladder Match
Christian
91.7%
ECW Championship
Christian
91.7%
WWE Title Six-
man Tag
Batista
91.7%
ECW Championship
Christian
91.7%
WWE Championship
Batista
91.7%
ECW Title Hardcore Match
Christian
91.7%
WWE Title Steel Cage Match
Batista
91.7%
ECW Championship Scramble
Christian
91.7%
ECW Championship
Christian
91.7%
ECW Championship
Christian
91.7%
ECW Championship
Christian
91.7%
WWE Tag Team Championship
Batista
91.7%
World Heavyweight Championship
Batista
91.7%
Singles Match
Batista
91.7%
Survivor Series Elimination Match
Christian
91.7%
ECW Title Ladder Match
Christian
91.7%
World Title Chairs Match
Batista
91.7%
Intercontinental Championship
Rey Mysterio
91.5%
Intercontinental Championship
Rey Mysterio
91.5%
I-
C Title No Holds Barred Match
Rey Mysterio
91.5%
I-
C Title vs. Mask
Rey Mysterio
91.5%
Intercontinental Championship
Rey Mysterio
91.5%
Intercontinental Championship
Rey Mysterio
91.5%
WWE Tag Team Championship
Rey Mysterio
91.5%
World Heavyweight Championship
Rey Mysterio
91.5%
Singles Match
Rey Mysterio
91.5%
Miss Wrestlemania 25-
Diva Battle Royal
Santina Marella
91.3%
Miss Wrestlemania Title
Santina Marella
91.3%
Miss Wrestlemania Handicap Hog Pen Match
Santina Marella
91.3%
WWE Title Six-
man Tag
Cody Rhodes
90.2%
WWE Tag Team Championship
Cody Rhodes
90.2%
WWE Tag Team Championship
Cody Rhodes
90.2%
Tag Team Match
Cody Rhodes
90.2%
Tag Team Submission Match
Cody Rhodes
90.2%
Tag Team Hell in a Cell Match
Cody Rhodes
90.2%
Interbrand Match for Bragging Rights Cup
Cody Rhodes
90.2%
Survivor Series Elimination Match
Cody Rhodes
90.2%
WWE Title Six-
man Tag
Ted Dibiase
89.8%
WWE Tag Team Championship
Ted Dibiase
89.8%
WWE Tag Team Championship
Ted Dibiase
89.8%
Tag Team Match
Ted Dibiase
89.8%
Tag Team Submission Match
Ted Dibiase
89.8%
Tag Team Hell in a Cell Match
Ted Dibiase
89.8%
Survivor Series Elimination Match
Ted Dibiase
89.8%
Money in the Bank Ladder Match
Mark Henry
88.7%
ECW Championship Scramble
Mark Henry
88.7%
WWE Tag Team Championship
Mark Henry
88.7%
Interbrand Match for Bragging Rights Cup
Mark Henry
88.7%
Survivor Series Elimination Match
Mark Henry
88.7%
Singles Match
Miz
88.3%
United States Championship
Miz
88.3%
United States Championship
Miz
88.3%
United States Championship
Miz
88.3%
U.S. vs. I-
C Interbrand Match
Miz
88.3%
Survivor Series Elimination Match
Miz
88.3%
Money in the Bank Ladder Match
Kofi Kingston
87.8%
Miss Wrestlemania 25-
Diva Battle Royal
Beth Phoenix
87.8%
Miss Wrestlemania 25-
Diva Battle Royal
Michelle McCool
87.8%
Miss Wrestlemania Title
Beth Phoenix
87.8%
Singles Match
John Morrison
87.8%
United States Championship
Kofi Kingston
87.8%
WWE Women's Championship
Michelle McCool
87.8%
United States Championship
Kofi Kingston
87.8%
WWE Women's Championship
Michelle McCool
87.8%
United States Championship
Kofi Kingston
87.8%
Intercontinental Championship
John Morrison
87.8%
United States Championship
Kofi Kingston
87.8%
U.S. vs. I-
C Interbrand Match
John Morrison
87.8%
Six-
Diva Interbrand Match
Michelle McCool
87.8%
Six-
Diva Interbrand Match
Beth Phoenix
87.8%
Interbrand Match for Bragging Rights Cup
Kofi Kingston
87.8%
Survivor Series Elimination Match
John Morrison
87.8%
Survivor Series Elimination Match
Kofi Kingston
87.8%
10-
Diva Survivor Series Elimination Match
Michelle McCool
87.8%
10-
Diva Survivor Series Elimination Match
Beth Phoenix
87.8%
Intercontinental Championship
John Morrison
87.8%
WWE Women's Championship
Michelle McCool
87.8%
Singles Match
Kofi Kingston
87.8%
Miss Wrestlemania Handicap Hog Pen Match
Vickie Guerrero
87%
Miss Wrestlemania Handicap Hog Pen Match
Chavo Guerrero
87%
Money in the Bank Ladder Match
MVP
86.1%
United States Championship
MVP
86.1%
United States Championship
MVP
86.1%
Singles Match
MVP
86.1%
WWE Tag Team Championship
MVP
86.1%
Survivor Series Elimination Match
MVP
86.1%
Miss Wrestlemania 25-
Diva Battle Royal
Layla
85.9%
ECW Championship
Jack Swagger
85.9%
ECW Championship
Jack Swagger
85.9%
Type of Match
Wrestler
% Correct
ECW Title Hardcore Match
Jack Swagger
85.9%
ECW Championship Scramble
Jack Swagger
85.9%
United States Championship
Jack Swagger
85.9%
Singles Match
Jack Swagger
85.9%
United States Championship
Jack Swagger
85.9%
Interbrand Match for Bragging Rights Cup
Jack Swagger
85.9%
Survivor Series Elimination Match
Jack Swagger
85.9%
10-
Diva Survivor Series Elimination Match
Layla
85.9%
Money in the Bank Ladder Match
Finlay
85.7%
Money in the Bank Ladder Match
Shelton Benjamin
85.7%
Intercontinental Championship
JBL
85.7%
Singles Match
Shelton Benjamin
85.7%
ECW Championship Scramble
Finlay
85.7%
Interbrand Match for Bragging Rights Cup
Finlay
85.7%
Survivor Series Elimination Match
Finlay
85.7%
Survivor Series Elimination Match
Shelton Benjamin
85.7%
ECW Title Ladder Match
Shelton Benjamin
85.7%
Survivor Series Elimination Match
Sheamus
85.2%
WWE Title Tables Match
Sheamus
85.2%
No Disqualification, No Countout Match
Dolph Ziggler
85%
Intercontinental Championship
Dolph Ziggler
85%
Intercontinental Championship
Dolph Ziggler
85%
Intercontinental Championship
Dolph Ziggler
85%
Survivor Series Elimination Match
Dolph Ziggler
85%
Miss Wrestlemania 25-
Diva Battle Royal
Mickie James
83.9%
WWE Divas Championship
Mickie James
83.9%
WWE Divas Championship
Mickie James
83.9%
10-
Diva Survivor Series Elimination Match
Mickie James
83.9%
WWE Women's Championship
Mickie James
83.9%
ECW Title Hardcore Match
Tommy Dreamer
82.8%
ECW Championship Scramble
Tommy Dreamer
82.8%
ECW Championship
Tommy Dreamer
82.8%
WWE Title Six-
man Tag
Shane McMahon
82.2%
Miss Wrestlemania 25-
Diva Battle Royal
Melina
81.3%
No Disqualification, No Countout Match
Great Khali
81.3%
WWE Women's Championship
Melina
81.3%
WWE Women's Championship
Melina
81.3%
Singles Match
Great Khali
81.3%
Singapore Cane Match
Great Khali
81.3%
Six-
Diva Interbrand Match
Melina
81.3%
10-
Diva Survivor Series Elimination Match
Melina
81.3%
Singles Match
Umaga
81.1%
Strap Match
Umaga
81.1%
WWE Tag Team Championship
Carlito
78.9%
United States Championship
Carlito
78.9%
Miss Wrestlemania 25-
Diva Battle Royal
Kelly Kelly
77.8%
Miss Wrestlemania 25-
Diva Battle Royal
Natalya
77.8%
Six-
Diva Interbrand Match
Natalya
77.8%
Six-
Diva Interbrand Match
Kelly Kelly
77.8%
10-
Diva Survivor Series Elimination Match
Kelly Kelly
77.8%
Handicap Elimination Match
Ricky Steamboat
77.2%
Singles Match
Ricky Steamboat
77.2%
Handicap Elimination Match
Jimmy Snuka
76.7%
Handicap Elimination Match
Roddy Piper
76.5%
Singles Match
R-Truth
76.5%
Interbrand Match for Bragging Rights Cup
R-Truth
76.5%
Survivor Series Elimination Match
R-Truth
76.5%
United States Championship
William Regal
75.7%
ECW Championship
William Regal
75.7%
ECW Championship
William Regal
75.7%
Survivor Series Elimination Match
William Regal
75.7%
WWE Tag Team Championship
Primo
74.3%
United States Championship
Primo
74.3%
Miss Wrestlemania 25-
Diva Battle Royal
Nikki Bella
73.3%
Miss Wrestlemania 25-
Diva Battle Royal
Brie Bella
73.3%
Miss Wrestlemania 25-
Diva Battle Royal
Alicia Fox
72.6%
WWE Divas Championship
Alicia Fox
72.6%
10-
Diva Survivor Series Elimination Match
Alicia Fox
72.6%
WWE Tag Team Championship
JTG
71.1%
Singles Match
Drew McIntyre
70%
Survivor Series Elimination Match
Drew McIntyre
70%
Intercontinental Championship
Drew McIntyre
70%
Miss Wrestlemania 25-
Diva Battle Royal
Torrie Wilson
67.8%
Survivor Series Elimination Match
Evan Bourne
67.8%
Miss Wrestlemania 25-
Diva Battle Royal
Maryse
67.4%
WWE Divas Championship
Maryse
67.4%
Miss Wrestlemania 25-
Diva Battle Royal
Eve
66.3%
10-
Diva Survivor Series Elimination Match
Eve
66.3%
Miss Wrestlemania 25-
Diva Battle Royal
Victoria
65.9%
WWE Tag Team Championship
Shad Gaspard
65.9%
Interbrand Match for Bragging Rights Cup
Tyson Kidd
65.9%
Interbrand Match for Bragging Rights Cup
David Hart Smith
64.6%
Miss Wrestlemania 25-
Diva Battle Royal
Molly Holly
64.3%
Miss Wrestlemania 25-
Diva Battle Royal
Jillian Hall
63.7%
10-
Diva Survivor Series Elimination Match
Jillian Hall
63.7%
Miss Wrestlemania 25-
Diva Battle Royal
Maria
62%
Miss Wrestlemania 25-
Diva Battle Royal
Sunny
61.7%
Miss Wrestlemania 25-
Diva Battle Royal
Gail Kim
60.4%
Six-
Diva Interbrand Match
Gail Kim
60.4%
10-
Diva Survivor Series Elimination Match
Gail Kim
60.4%
Miss Wrestlemania 25-
Diva Battle Royal
Rosa Mendes
46.1%
Miss Wrestlemania 25-
Diva Battle Royal
Katie Lea Burchill
45.2%
Miss Wrestlemania 25-
Diva Battle Royal
Tiffany
38.3%
Miss Wrestlemania 25-
Diva Battle Royal
Joy Giovanni
38%
Miss Wrestlemania 25-
Diva Battle Royal
Miss Jackie
34.8%
Quiz Playlist
Details
Report
Send in Message
Add To Playlist
Classic:
Type in answers that appear in a list
Last Updated: Feb 16, 2017
Quiz Scoreboard
CHALLENGE
Sign Up to Join the Scoreboard
Show All
Scores
Hide
Comments
May contain spoilers
Recently Published
One Thing in Common: World Cities II
by knightlancer
Geography
7m
Popular People in 1961
by mucciniale
History
6m
1-10 Letter E Words III
by El_Dandy
Language
2m
More to Explore
Quiz From the Vault
Featured Blog Post
Where Did the Easter Bunny Come From?
hide this ad
You Might Also Like...
Tags
WWE Quiz
2009
Event
PPV
tlc
Wrestlemania
Wrestlers
Today's Top Quizzes in Sports
Browse Sports
hide this ad
Today's Top Quizzes in WWE
Browse WWE
Top Contributed Quizzes in Sports
1
Les meilleurs buteurs des matchs entre le PSG et l’OM
2
Les entraîneurs de l'OM et du PSG au 21e siècle
3
FIFA Club World Cup Champions
4
2022 World Cup Stars
5
Name the Premier League winners with different clubs
6
La finale Lions - Afrique du Sud 2021
7
Criteria MLB: Left Handed Sluggers
8
Players with Multiple 50 Home Run Seasons
9
MLB Players with Two .350 Batting Average Seasons
10
MLB Hall of Famer by Rings
Explore More
Trending Topics
Crossword
Disney
NBA
Kpop
Marvel
Harry Potter
Anime
WWE
The Office
Pokémon
Puzzle
Country
NFL
Song
Soccer
hide this ad
More By:
dd0112
Quiz
Plays
Rating
Category
Featured
Created
History of WWE PPV Part 11
1,092
4.29
Sports
Jun 29, 2014
History of WWE PPV Part 12
985
3.75
Sports
Jun 30, 2014
History of WWE PPV Part 16
962
4.00
Sports
Jul 2, 2014
History of WWE PPV Part 15
757
2.50
Sports
Jul 2, 2014
History of WWE PPV Part 14
665
4.00
Sports
Jul 1, 2014
Go to Creator's Profile
Score Distribution
Quiz Creator Spotlight
dd0112
Follow
Send a Message
Quizzes Created
-
Created Quiz Play Count
-
More By This Creator
Popular Quizzes Today
1
Find the US States - No Outlines Minefield
2
Find the Countries of Europe - No Outlines Minefield
3
The Countries of the World
4
Popular People in 1961
5
1-10 Letter E Words III
6
Find the US States
7
One Thing in Common: World Cities II
8
US States
More Sports Quizzes
MLB Hall Of Famers Home Runs And Championships
Quiz Lab
Trending Quizzes
Risky Map Clicking: Least Populous States A-Z
1-10 Letter F Words
1-10 Letter G Words
One Thing in Common: United Kingdom
Risky Map Clicking: Biggest States A-Z
Recently Updated
Leaping Animals
pecheneg
Reality TV Shows (A-Z)
bhenderson79
Rickey Henderson's Hall of Fame Teammates
pecheneg
Champions League XIs: Arsenal
pecheneg
Quick Pick: Celebrities in WWE's Hall of Fame
aduchscher
A-Z Keypad Blitz II
pecheneg
Multiple Oscar Actors
pecheneg
Mystery Phrase Blitz: Oscar 'Best Actors'
pecheneg
F. Scott Fitzgerald Novels
LTH
Pick 3 Villains
ddd62291
Trending Topics
Marvel
Crossword
Kpop
Disney
NBA
Harry Potter
Anime
Soccer
Puzzle
The Office
Country
Song
NFL
WWE
Pokémon
Your Account Isn't Verified!
In order to create a playlist on Sporcle, you need to verify the email address you used during registration. Go to your
Sporcle Settings
to finish the process.
Report this User
Report this user for behavior that violates our
Community Guidelines
.
Details:
Send Report
Go to the Sporcle.com Mobile Site →
Comments